000 00703nam a22002057a 4500
005 20240530110538.0
008 160201s2013 le a g b 000 0 ara d
020 _a9789953825960
040 _aEG-CaGPL
082 0 4 _221
_a303.483\
_bر ن
100 0 _aرامى عبود .
245 1 0 _aنحو استراتيجية عربية لصناعة المحتوى الرقمى /
_cرامى عبود .
250 _aط1.
260 _aبيروت :
_bمركز دراسات الوحدة العربية ،
_c2013 .
300 _a350 ص ؛
_c24 سم .
504 _aيشتمل على ارجاعات ببليوجرافية .
650 0 4 _aالثورة الرقمية .
942 _2ddc
_cBK
999 _c62190
_d62190